Vainqueurs du Trophée des Champions - Statistiques

Statistiques générales
  • Ce quiz a été pris 90 fois
  • Le résultat moyen est 11 sur 14
Statistiques - réponses
Titre(s) (Dernier en date) Réponses % Correct
11 (2022) Paris Saint-Germain
100%
3 (2011) Olympique de Marseille
99%
8 (2012) Olympique Lyonnais
99%
4 (2000) AS Monaco
95%
3 (2009) Girondins de Bordeaux
95%
1 (2021) LOSC Lille
95%
5 (1969) AS Saint-Etienne
91%
3 (2001) FC Nantes
90%
1 (1970) OGC Nice
81%
1 (1971) Stade Rennais FC
78%
4 (1966) Stade de Reims
75%
1 (1972) SC Bastia
29%
1 (1959) Le Havre AC
28%
1 (1956) CS Sedan Ardennes
18%
Aucun quiz correspondant
Distribution des résultats
% des personnes avec chaque résultat
Percentile par nombre de réponses
Votre historique - résultats
Vous n’avez pas pris ce quiz